[Event "ESP-ch U18"]
[Site "Salobrena"]
[Date "2021.07.30"]
[Round "7"]
[White "Merlo Sanchez, Jose Manuel"]
[Black "Lorente Serrano, Rosa Adela"]
[Result "1-0"]
[WhiteElo "1817"]
[BlackElo "2022"]
[PlyCount "58"]
[EventDate "2021.07.26"]
[EventType "swiss"]
[EventRounds "9"]
[EventCountry "ESP"]
[SourceTitle "CBM 203 Extra"]
[Source "ChessBase"]
[SourceDate "2021.09.30"]
[SourceVersion "1"]
[SourceVersionDate "2021.09.30"]
[SourceQuality "1"]

1. e4 c5 2. Nc3 Nc6 3. Bc4 g6 4. d3 Bg7 5. f4 e6 6. Nf3 Nge7 7. 0-0 d5 8. Bb3 0-0 9. Qe1 Na5 10. f5 Nxb3 11. axb3 exf5 12. e5 f6 13. Qh4 fxe5 14. Bg5 Re8 15. Rae1 e4 16. Nd2 d4 17. Ncxe4 fxe4 18. Nxe4 Bf5 19. Nf6+ Bxf6 20. Bxf6 Qd7 21. Bxe7 Rac8 22. Re5 Rc7 23. Rfe1 b6 24. Qg5 Rcc8 25. h4 h5 26. Rf1 Kh7 27. Qf6 Rg8 28. Rfe1 Rc6 29. Bd6 Rcc8 1-0

[Event "ESP-ch U18"]
[Site "Salobrena"]
[Date "2021.07.26"]
[Round "1"]
[White "Merlo Sanchez, Jose Manuel"]
[Black "Cesar Maestre, Bernardo"]
[Result "0-1"]
[WhiteElo "1817"]
[BlackElo "2383"]
[PlyCount "110"]
[EventDate "2021.07.26"]
[EventType "swiss"]
[EventRounds "9"]
[EventCountry "ESP"]
[SourceTitle "CBM 203 Extra"]
[Source "ChessBase"]
[SourceDate "2021.09.30"]
[SourceVersion "1"]
[SourceVersionDate "2021.09.30"]
[SourceQuality "1"]

1. e4 c5 2. Nc3 Nc6 3. g3 g6 4. Bg2 Bg7 5. d3 Rb8 6. Be3 b5 7. Rb1 b4 8. Na4 d6 9. Ne2 Nd4 10. b3 Bg4 11. Bxd4 cxd4 12. 0-0 e5 13. h3 Be6 14. f4 Ne7 15. g4 exf4 16. Nxf4 0-0 17. Nb2 d5 18. exd5 Bxd5 19. Nxd5 Nxd5 20. Bxd5 Qxd5 21. Qf3 Qd7 22. Nc4 f5 23. Rbe1 Qd8 24. Ne5 Rb5 25. Qc6 Qb8 26. Qe6+ Kh8 27. Nf7+ Rxf7 28. Qxf7 Qg3+ 29. Kh1 Qxh3+ 30. Kg1 Qxg4+ 31. Kh1 Qh3+ 32. Kg1 Qg3+ 33. Kh1 Re5 34. Rxe5 Qxe5 35. Kg2 Qe2+ 36. Rf2 Qg4+ 37. Kf1 h5 38. Re2 Qf3+ 39. Ke1 Qh1+ 40. Kf2 Qh4+ 41. Kf1 Qf4+ 42. Kg2 Qg4+ 43. Kf2 Qh4+ 44. Kg2 Qg5+ 45. Kf2 Kh7 46. Re7 Qh6 47. Re8 Qf4+ 48. Kg2 Qg4+ 49. Kf2 Qf4+ 50. Kg2 Qd2+ 51. Kg3 Qxc2 52. Re7 Qxd3+ 53. Kh4 g5+ 54. Kxg5 Qg3+ 55. Kxf5 Qg4# 0-1

[Event "ESP-ch U18"]
[Site "Salobrena"]
[Date "2020.08.19"]
[Round "4"]
[White "Sosa Suarez, Carla Cristina"]
[Black "Merlo Sanchez, Jose Manuel"]
[Result "1-0"]
[WhiteElo "2110"]
[BlackElo "1766"]
[PlyCount "59"]
[EventDate "2020.08.17"]
[EventType "swiss"]
[EventRounds "9"]
[EventCountry "ESP"]
[SourceTitle "CBM 197 Extra"]
[Source "ChessBase"]
[SourceDate "2020.09.30"]
[SourceVersion "1"]
[SourceVersionDate "2020.09.30"]
[SourceQuality "1"]

1. e4 c5 2. Nf3 d6 3. d4 cxd4 4. Nxd4 Nf6 5. Nc3 g6 6. Be3 Bg7 7. f3 0-0 8. Bc4 Nc6 9. Bb3 Bd7 10. Qd2 Na5 11. h4 Rb8 12. h5 Nxb3 13. cxb3 b5 14. Bh6 Qb6 15. hxg6 fxg6 16. Bxg7 Kxg7 17. 0-0-0 Rf7 18. Kb1 Kg8 19. Rhe1 Rd8 20. Qg5 e5 21. Nc2 b4 22. Nd5 Nxd5 23. Rxd5 Bc6 24. Rd2 Kg7 25. Ne3 h6 26. Qh4 Rfd7 27. Ng4 Rh8 28. Qf6+ Kh7 29. Nxh6 Qd8 30. Ng4 1-0

[Event "Valdepenas U2200 and U20 op 1st"]
[Site "Valdepenas"]
[Date "2017.04.08"]
[Round "4"]
[White "Merlo Sanchez, Jose Manuel"]
[Black "Santillana Quesada, Yeray"]
[Result "1-0"]
[WhiteElo "1455"]
[BlackElo "1024"]
[PlyCount "114"]
[EventDate "2017.04.07"]
[EventType "swiss"]
[EventRounds "7"]
[EventCountry "ESP"]
[SourceTitle "EXT 2024"]
[Source "ChessBase"]
[SourceDate "2023.10.10"]
[SourceVersion "1"]
[SourceVersionDate "2023.10.10"]
[SourceQuality "1"]

1. e4 Nf6 2. Nc3 d5 3. exd5 Nxd5 4. Nxd5 Qxd5 5. Qf3 Qe5+ 6. Qe3 Qxe3+ 7. dxe3 Nc6 8. Bb5 Bd7 9. Nf3 e6 10. 0-0 0-0-0 11. Bd2 Be7 12. Bc3 Rhg8 13. Rad1 f6 14. Rd2 Bd6 15. Nd4 Nxd4 16. Bxd7+ Rxd7 17. exd4 Rgd8 18. Re1 e5 19. dxe5 Bxe5 20. Rxd7 Rxd7 21. Bxe5 fxe5 22. Kf1 Rd2 23. Rc1 Kd7 24. Ke1 Rd5 25. Ke2 Ke6 26. Ke3 Rd4 27. c3 Rd5 28. h4 Kf5 29. Rh1 e4 30. f3 Rd3+ 31. Ke2 Kf4 32. fxe4 Re3+ 33. Kd2 Kxe4 34. g4 g6 35. Kc2 Rf3 36. h5 g5 37. Rd1 Rf7 38. Rd4+ Kf3 39. Kd3 Rf4 40. Rd7 Rxg4 41. Rxh7 Rh4 42. Rxc7 Rxh5 43. Rxb7 g4 44. Rf7+ Kg3 45. Ke2 Rg5 46. b4 Kg2 47. c4 g3 48. c5 Rh5 49. c6 Rh8 50. Rxa7 Kh2 51. Rg7 g2 52. b5 g1Q 53. Rxg1 Kxg1 54. b6 Re8+ 55. Kf3 Re6 56. c7 Rxb6 57. c8Q Rb2 1-0